00565nam a22001572 4500001001100000005001700011008004100028040001500069245013100084250001300215260003900228300001600267650004700283710007400330852000300404000001290620151217155854.0090331s xx 000 0 eng d aKABUcKABU10aReport of the second external program and management review of the Special Program for African Agricultural Research (SPAAR) : a1st ed. aWashington, D. C. :bSPAAR,c1997. axxi, 99 p. 0aAgriculturexResearchzAfrica.@00001554672 aSpecial Program for African Agricultural Research (SPAAR)@00001698991